000 00198 a2200109 4500
020 _a9780786704033
041 _aeng
100 _aBill Pronzini
245 _aILlusions
942 _cBK
952 _74
999 _c16638
_d16638